Akta Bekalan Elektrik 1990 peraturan-peraturan elektrik 1994 Akta 447, Akta Bekalan Elektrik 1990 (syarikat pengganti) Akta 448 : (Record no. 4335)

000 -LEADER
fixed length control field nam a22 a 4500
003 - CONTROL NUMBER IDENTIFIER
control field AKMAL
005 - DATE AND TIME OF LATEST TRANSACTION
control field 20170529091256.0
008 - FIXED-LENGTH DATA ELEMENTS--GENERAL INFORMATION
fixed length control field 170529s1995 my 00 may d
020 ## - INTERNATIONAL STANDARD BOOK NUMBER
International Standard Book Number 9678907046 (kkt.):
Terms of availability RM 15.00
082 04 - DEWEY DECIMAL CLASSIFICATION NUMBER
Classification number 343.5950929 AKT
090 ## - LOCALLY ASSIGNED LC-TYPE CALL NUMBER (OCLC); LOCAL CALL NUMBER (RLIN)
Classification number (OCLC) (R) ; Classification number, CALL (RLIN) (NR) 343.5950929
Local cutter number (OCLC) ; Book number/undivided call number, CALL (RLIN) AKT
110 1# - MAIN ENTRY--CORPORATE NAME
Corporate name or jurisdiction name as entry element Malaysia
9 (RLIN) 400
240 1# - UNIFORM TITLE
Uniform title Akta Bekalan Elektrik, 1990 (Akta 447)
245 00 - TITLE STATEMENT
Title Akta Bekalan Elektrik 1990 peraturan-peraturan elektrik 1994 Akta 447, Akta Bekalan Elektrik 1990 (syarikat pengganti) Akta 448 :
Remainder of title semua pindaan hingga 15 Julai, 1995
260 ## - PUBLICATION, DISTRIBUTION, ETC.
Place of publication, distribution, etc. Kuala Lumpur :
Name of publisher, distributor, etc. International Law Book Services
Date of publication, distribution, etc. 1995
300 ## - PHYSICAL DESCRIPTION
Extent iii, 182ms. ;
Dimensions 25cm
650 ## - SUBJECT ADDED ENTRY--TOPICAL TERM
Topical term or geographic name entry element Electricity
General subdivision Laws and legislation
Geographic subdivision Malaysia
9 (RLIN) 8444
650 ## - SUBJECT ADDED ENTRY--TOPICAL TERM
Topical term or geographic name entry element Electric power systems
General subdivision Law and legislation
Geographic subdivision Malaysia
9 (RLIN) 8445
710 1# - ADDED ENTRY--CORPORATE NAME
Corporate name or jurisdiction name as entry element Malaysia.
Title of a work Akta Bekalan Elektrik (Syarikat Pengganti) 1990 (Akta 448)
9 (RLIN) 8446
942 ## - ADDED ENTRY ELEMENTS (KOHA)
Source of classification or shelving scheme
Koha item type Book
Holdings
Withdrawn status Lost status Source of classification or shelving scheme Damaged status Not for loan Collection code Home library Current library Shelving location Date acquired Inventory number Full call number Barcode Date last seen Price effective from Koha item type Public note
          NON-FICTION AKMAL Melaka AKMAL Melaka PINJAMAN 29.05.2017 002630 343.5950929 AKT 201706174 29.05.2017 29.05.2017 Book Dilupuskan.
Pusat Sumber Maklumat Dato' Haji Sarmin Md Hussin, Akademi Kastam Diraja Malaysia, Melaka
Tel: 06-2331106 | Faks: 06-2313787